La Libertà nello stato moderno (Record no. 183438)
[ view plain ]
| 000 -LEADER | |
|---|---|
| campo de control de longitud fija | 01394nam a2200253 i 4500 |
| 001 - NÚMERO DE CONTROL | |
| campo de control | 183438 |
| 003 - IDENTIFICADOR DE NÚMERO DE CONTROL | |
| campo de control | ES-MaACL |
| 005 - FECHA Y HORA DE LA ÚLTIMA TRANSACCIÓN | |
| campo de control | 20250918184526.0 |
| 008 - DATOS DE LONGITUD FIJA--INFORMACIÓN GENERAL | |
| campo de control de longitud fija | 140422s1890 it |||| | ita d |
| 100 1# - ENTRADA PRINCIPAL--NOMBRE DE PERSONA | |
| Nombre de persona | Brunialti, Attilio. |
| 9 (RLIN) | 32183 |
| 245 13 - MENCIÓN DEL TÍTULO | |
| Título | La Libertà nello stato moderno |
| Resto del título | : prefazione / |
| Mención de responsabilidad, etc. | A. Brunialti. La Libertà / Stuart Mill. La Libertà civile e l'Autogoverno / F. Lieber. I limiti della Libertà individuale / F. C. Montague. L'istituzione regia e la responsabilità ministeriale / C. Montalcini. Teoria giuridica delle guarentigie della libertà /V. E. Orlando. |
| 260 ## - PUBLICACIÓN, DISTRIBUCIÓN, ETC. | |
| Lugar de publicación, distribución, etc. | Torino : |
| Nombre del editor, distribuidor, etc. | Unione Tipografico-Editrice, |
| Fecha de publicación, distribución, etc. | 1890. |
| 300 ## - DESCRIPCIÓN FÍSICA | |
| Extensión | CCXXXIX, 1187 p. ; |
| Dimensiones | 25 cm. |
| 490 1# - MENCIÓN DE SERIE | |
| Mención de serie | Biblioteca di scienze politiche: scelta collezione delle più importanti opere moderne italiane e straniere dei scienze politiche / diretta da Attilio Brunialti ; |
| Designación de volumen o secuencia | 5 |
| 650 04 - PUNTO DE ACCESO ADICIONAL DE MATERIA--TÉRMINO DE MATERIA | |
| Término de materia o nombre geográfico como elemento de entrada | Libertad. |
| 9 (RLIN) | 14400 |
| 700 1# - ENTRADA AGREGADA--NOMBRE PERSONAL | |
| Nombre de persona | Mill, John Stuart, |
| Fechas asociadas al nombre | 1806-1873 |
| 9 (RLIN) | 81119 |
| 700 1# - ENTRADA AGREGADA--NOMBRE PERSONAL | |
| Nombre de persona | Lieber, Francis. |
| 9 (RLIN) | 154758 |
| 700 1# - ENTRADA AGREGADA--NOMBRE PERSONAL | |
| Nombre de persona | Montague, Francis Charles. |
| 9 (RLIN) | 130074 |
| 700 1# - ENTRADA AGREGADA--NOMBRE PERSONAL | |
| Nombre de persona | Montalcini, Camillo. |
| 9 (RLIN) | 154759 |
| 700 0# - ENTRADA AGREGADA--NOMBRE PERSONAL | |
| Nombre de persona | Orlando, Vittorio Emanuelle. |
| 9 (RLIN) | 87283 |
| 830 0# - PUNTO DE ACCESO ADICIONAL DE SERIE-TÍTULO UNIFORME | |
| Título uniforme | Biblioteca di scienze politiche: scelta collezione delle più importanti opere moderne italiane e straniere dei scienze politiche / diretta da Attilio Brunialti ; |
| Designación de volumen o secuencia | 5 |
| 9 (RLIN) | 224981 |
| 852 ## - LOCALIZACIÓN | |
| Ubicación | ES-MaACL |
| Número de control de estantería | B-9318 |
| Estatus retirado | Estado de pérdida | Estado de daño | No para préstamo | Colección | Biblioteca de origen | Biblioteca actual | Ubicación en estantería | Fecha de adquisición | Fuente de adquisición | Total de préstamos | Signatura topográfica completa | Código de barras | Visto por última vez | Precio de reemplazo | Tipo de ítem Koha |
|---|---|---|---|---|---|---|---|---|---|---|---|---|---|---|---|
| Libros del s. XIX | Biblioteca del Ateneo de Madrid | Biblioteca del Ateneo de Madrid | Sala Pardo Bazán | 22/04/2014 | B-9318 | 1192805 | 23/02/2023 | 23/02/2023 | Libro impreso antiguo |
